000 00393nam a2200169 i 4500
001 bg
100 1 _aJasiński, Bogusław
_d(1953- ).
245 0 _aLukács /
_cBogusław Jasiński.
260 _aWarszawa,
_c1985.
490 1 _aMyśli i Ludzie
830 _aMyśli i Ludzie
040 _cBPK
041 _apol
080 _a1
942 _cKS
008 s pl f |000 0 pol
999 _c23007
_d23007
856 _uhttp://koha.tu.koszalin.pl/cgi-bin/koha/opac-detail.pl?biblionumber=23007
_yKatalog online BPK